AAA Cap Insignias with Lettering - Statistics

General Stats
  • This quiz has been taken 9 times
  • The average score is 17 of 21
Answer Stats
Picture Answer % Correct
Albuquerque Isotopes
100%
Buffalo Bisons
100%
Charlotte Knights
100%
Durham Bulls
100%
Jacksonville Jumbo Shrimp
100%
Las Vegas Aviators
100%
Louisville Bats
100%
Memphis RedBirds
100%
Oklahoma City Comets
100%
Round Rock Express
100%
Columbus Clippers
83%
Nashville Sounds
83%
Sacramento River Cats
83%
Tacoma Rainiers
83%
Reno Aces
67%
St. Paul Saints
67%
Syracuse Mets
67%
Toledo Mud Hens
67%
Worcester Red Sox
50%
Scranton/Wilkes-Barre RailRiders
33%
Salt Lake Bees
17%
No matching quizzes found
Score Distribution
Percent of People with Each Score
Percentile by Number Answered
Your Score History
You have not taken this quiz